Chceme sa presadiť kvalitou

Bibliographic Details
Main Author: Vámosi, Peter (Author, Interviewer)
Format: Article
Language:Slovak
PhysicalDescription:Fotogr.
ISSN:1335-4051
Subjects:

MARC

LEADER 00000nab a2200000 a 4500
001 vtls008426389
003 SK-MaSNL
005 20260303065936.0
008 140429c2005 xo zr|p|||||||000 b|slo
015 |a SNBRB2006/01  |2 snkbucl 
040 |a SNKBUCL  |b slo  |c SNKBUCL  |e AACR2 
041 0 |a slo 
044 |a xo  |c SK 
080 |a 328.1:338.26  |x (437.6)  |2 1981 
080 |a 338.26  |x (437.6)  |2 1981 
100 1 |a Vámosi, Peter  |4 ivr  |4 aut  |9 268569 
245 1 0 |a Chceme sa presadiť kvalitou  |c Peter Vámosi, Mikuláš Dzurinda 
300 |b Fotogr. 
610 1 7 |a Slovensko.  |b Vláda  |x Minerva (program)  |2 snkbucl  |9 1066675 
610 2 7 |a Minerva (program)  |2 snkbucl  |9 115868 
650 0 7 |a vládne programy a projekty  |2 snkbucl  |9 92172 
700 1 |a Dzurinda, Mikuláš,  |d 1955-  |4 ive  |9 192399 
773 0 |t Parlamentný kuriér  |g Roč. XIII, č. CXXX (2005), s. 6-8  |x 1335-4051 
852 |a SNK  |b KIS3GCP 
958 |a SK 
999 |c 1753351  |d 1755281